000 00288 a2200145 4500
001 59254
020 _a8574026832
040 _cAnchieta - Pituba
240 1 0 _aSergei Prokofiev
_lpor
245 1 0 _aSergei Prokofiev
300 _a53
362 0 _a2005
650 4 _aMúsica
942 _cBK
999 _c59254
_d59254